| 000 | 00483nam a22001577a 4500 | ||
|---|---|---|---|
| 003 | OSt | ||
| 005 | 20151215092903.0 | ||
| 008 | 130827t xxu||||| |||| 00| 0 eng d | ||
| 020 | _a9789810407346 | ||
| 050 |
_aBF 723 _b.M961 1999 |
||
| 082 |
_aHS 649.1 _bM91 1995 |
||
| 245 |
_aTalking with Kids: _b how to improve communication and your relationship with your children. _cMulvaney, Allison |
||
| 260 |
_aSingapore : _bMedia Masters, _cc1995. |
||
| 942 |
_2lcc _cBK |
||
| 999 |
_c9535 _d9535 |
||